ბათუმის შოთა რუსთაველის სახელმწიფო უნივერსიტეტის ბიბლიოთეკა

საქართველოს სსრ ნიადაგები : (ბიბ.ჩანაწერი № 35356)

000 -ლიდერი
ფიქსირებული სიგრძის საკონტროლო ველი 00983nam a2200229Ia 4500
001 - საკონტროლო ნომერი
საკონტროლო ველი 1209
003 - საკონტროლო ნომრის იდენტიფიკატორი
საკონტროლო ველი GE_BSU
005 - ბოლო ოპერაციის თარიღი და დრო
საკონტროლო ველი 20250501172747.0
008 - ფიქსირებული სიგრძის მონაცემთა ელემენტები - ზოგადი ინფორმაცია
ფიქსირებული სიგრძის საკონტროლო ველი 181216s1965||||ge |||||||||||||| ||geo||
040 ## - კატალოგიზაციის წყარო
Transcribing agency GE_BSU
041 ## - ენის კოდი
Language code of text/sound track or separate title geo
080 ## - უნივერსალური ათობითი კლასიფიკაციის ინდექსი
Universal Decimal Classification number 631.4(479.22):55(47 9.22) ს-323
100 ## - მთავარი ჩანაწერი - პიროვნების სახელი
Personal name საბაშვილი, მ.
9 (RLIN) 1120
245 ## - ცნობა სათაურის შესახებ
Title საქართველოს სსრ ნიადაგები :
Remainder of title [მონოგრაფია] /
Statement of responsibility, etc მ.საბაშვილი; საქ. სსრ მეცნ. აკად.
264 ## - წარმოების, გამოცემის, დისტრიბუციის და სხვა ცნობები
გამოცემის, წარმოების, დისტრიბუციის... ადგილი თბილისი :
გამოცემის, წარმოების, დისტრიბუციის... სახელწოდება მეცნიერება,
გამოცემის, წარმოების, დისტრიბუციის... თარიღი 1965.
300 ## - ფიზიკური აღწერა
Extent 553 გვ. :
Other physical details ილ. და ცხრილ.; 5 ფ. რუკ. ;
Dimensions 25 სმ.
504 ## - BIBLIOGRAPHY, ETC. NOTE
Bibliography, etc ბიბლიოგრ.: გვ. 536-549.
653 ## - INDEX TERM--UNCONTROLLED
Uncontrolled term საქართველოს სსრ ნიადაგები
653 ## - INDEX TERM--UNCONTROLLED
Uncontrolled term საქართველოს ნიადაგები
942 ## - ADDED ENTRY ELEMENTS (KOHA)
Koha item type წიგნი
Source of classification or shelving scheme
ეგზემპლარები
ჩამოწერის სტატუსი დაკარგული ეგზემპლარის სტატუსი კლასიფიკაციის წყარო ან თაროზე გაწყობის სქემა დაზიანების სტატუსი არ გაიცემა მუდმივი მდებარეობა (დაცვის ადგილი) ამჟამინდელი ადგილსამყოფელი თაროზე განთავსების ადგილი შეძენის თარიღი ღირებულება, შესყიდვის ნორმალური ფასი სრული შენახვის შიფრი შტრიხკოდი ბოლო ოპერაციის თარიღი ეგზემპლარის მიმდევრობითი ნომერი (კეტერი?) ფასის ძალაში შესვლის თარიღი ეგზემპლარის სახეობა საჯარო შენიშვნა
          აგრარული და მემბრანული ტექნოლოგიების ინსტიტუტის ბიბლიოთეკა აგრარული და მემბრანული ტექნოლოგიების ინსტიტუტის ბიბლიოთეკა წიგნსაცავი 2018-12-17 20.00 631.4(479.22):55(47 9.22) ს-323 2733 2018-12-17 2733 2018-12-17 წიგნი 20 ლ.